000 00307 a2200145 4500
001 48629
040 _cAnchieta - Bela Vista
100 _aBelinky, Tatiana
240 1 0 _aDiversidade
_lpor
245 1 0 _aDiversidade
300 _a37
362 0 _a2015
650 4 _aLiteratura infanto-juvenil
942 _cBK
999 _c48629
_d48629